Premeny dávnej obrannej línie
Na minha lista:
| Autor principal: | |
|---|---|
| Outros Autores: | |
| Formato: | Manuscrito Livro |
| Idioma: | eslovaco |
| Publicado em: |
2025
|
| Assuntos: | |
| Acesso em linha: | http://is.stuba.sk/zp/portal_zp.pl?podrobnosti=185114 |
| Tags: |
Sem tags, seja o primeiro a adicionar uma tag!
|
MARC
| LEADER | 00000ntm a22000003a 4500 | ||
|---|---|---|---|
| 001 | stuzp104917 | ||
| 003 | SK-STU | ||
| 005 | 20250607210936.0 | ||
| 007 | ta | ||
| 008 | 150427s2015----xo-----f-mn---000-0-slo-d | ||
| 040 | |a STU |b slo | ||
| 041 | 0 | |a slo | |
| 100 | 1 | |a Kullová, Kristína |u 051110 |4 aut |U FAD Fakulta architektúry a dizajnu |T FAD Ústav architektúry obytných budov |X 104959 |U A1110 |Y 392 |7 104959 | |
| 242 | 0 | 1 | |a Transformations of the former defensive line |y eng |
| 245 | 1 | 0 | |a Premeny dávnej obrannej línie |
| 260 | |c 2025 | ||
| 650 | 4 | |a defensive line |2 eng | |
| 650 | 4 | |a military bunker |2 eng | |
| 650 | 4 | |a transformation |2 eng | |
| 650 | 4 | |a transformácia |2 slo | |
| 650 | 4 | |a vojenský bunker |2 slo | |
| 650 | 4 | |a obranná línia |2 slo | |
| 700 | 1 | |a Paňák, Pavel |u 051110 |k Z1 |4 ths |U FAD Fakulta architektúry a dizajnu |T FAD Ústav architektúry obytných budov |X 70322 |U A1110 |Y 392 |7 A000070322 | |
| 856 | 4 | |u http://is.stuba.sk/zp/portal_zp.pl?podrobnosti=185114 | |